Harry el Sucio
Harry Callahan (Clint Eastwood) es un duro policía que se ha criado en la calles de San Francisco. Sus compañeros le llaman Harry el Sucio por sus particulares métodos de lucha contra el crimen y porque siempre se encarga de los trabajos más desagradables. Cuando un francotirador que se hace llamar...
Guardado en:
| Autor Principal: | |
|---|---|
| Autor Corporativo: | |
| Otros Autores: | , |
| Formato: | |
| Idioma: | Undetermined |
| Publicado: |
Estados Unidos :
Warner Bros. Pictures,
1971.
|
| Materias: | |
| Etiquetas: |
Agregar Etiqueta
Sin Etiquetas, Sea el primero en etiquetar este registro!
|
| LEADER | 01353ngm a22002295a 4500 | ||
|---|---|---|---|
| 001 | CEM.cems020688 | ||
| 008 | 231123s1971####xx#---############vlund#d | ||
| 005 | 20231123203756.0 | ||
| 245 | 1 | 0 | |a Harry el Sucio |h [videograbación] / |c Don Siegel. |
| 260 | |a Estados Unidos : |b Warner Bros. Pictures, |c 1971. | ||
| 300 | |a 102'. | ||
| 520 | |a Harry Callahan (Clint Eastwood) es un duro policía que se ha criado en la calles de San Francisco. Sus compañeros le llaman Harry el Sucio por sus particulares métodos de lucha contra el crimen y porque siempre se encarga de los trabajos más desagradables. Cuando un francotirador que se hace llamar 'Scorpio' asesina a una mujer desde una azotea y promete matar a más personas si la ciudad no le paga 100.000 dólares, el inspector Callahan será el encargado de intentar resolver el caso. | ||
| 590 | |a Identificación anterior: 305 | ||
| 538 | |a Soporte: DVD -- Formato: DVD Peso: 7.54gb -- Resolución: 720 x 480 -- 29.97fps | ||
| 500 | |a Título original: Dirty Harry Idioma: Inglés Subtítulos: Español, inglés, portugués. | ||
| 100 | 1 | |a Siegel, Don. | |
| 700 | 1 | |a Eastwood, Clint; Reparto. | |
| 700 | 1 | |a Robinson, Andrew; Reparto. | |
| 710 | 2 | |a The Malpaso Company. | |
| 653 | |a FICCIÓN | ||
| 653 | |a LARGOMETRAJE | ||
| 859 | |a CEMS |b BIB. CEMS - Depto. Recursos Didacticos |h 778.5 |i SIE |k DRD |p 3246.23 |t Ej.1 | ||
